La mejor conquista (Record no. 155364)

MARC details
000 -LEADER
campo de control de longitud fija 00894nam a22001815i 4500
001 - NÚMERO DE CONTROL
campo de control 155364
003 - IDENTIFICADOR DE NÚMERO DE CONTROL
campo de control ES-MaACL
005 - FECHA Y HORA DE LA ÚLTIMA TRANSACCIÓN
campo de control 20251014063222.0
008 - DATOS DE LONGITUD FIJA--INFORMACIÓN GENERAL
campo de control de longitud fija 000710s1875 sp |||| | spa d
040 ## - FUENTE DE CATALOGACIÓN
Centro catalogador/agencia de origen AR
Lengua de catalogación spa
Centro/agencia transcriptor AR
100 1# - ENTRADA PRINCIPAL--NOMBRE DE PERSONA
Nombre de persona Herranz y Gonzalo, Juan José,
Títulos y otros términos asociados al nombre Conde de Reparaz
9 (RLIN) 127924
245 13 - MENCIÓN DEL TÍTULO
Título La mejor conquista
Resto del título : comedia en tres actos y en verso /
Mención de responsabilidad, etc. original de Juan José Herranz.
260 ## - PUBLICACIÓN, DISTRIBUCIÓN, ETC.
Lugar de publicación, distribución, etc. Madrid :
Nombre del editor, distribuidor, etc. [s.n.],
Fecha de publicación, distribución, etc. 1875 (
Fabricante Imp. de José Rodriguez)
300 ## - DESCRIPCIÓN FÍSICA
Extensión 92 p. ;
Dimensiones 19 cm.
500 ## - NOTA GENERAL
Nota general En port.: Representada por primera vez en el teatro del Circo en la noche del 9 de diciembre de 1875.
852 ## - LOCALIZACIÓN
Ubicación ES-MaACL
Número de control de estantería F-8624(3)
Nota libre -- Enc. pasta española
-- -- Ex-libris ms. de Gustavo Saenz Diez, 1875
condición física -- Falto de la cub. original
Nota libre -- Enc. en un vol. facticio formando parte de la col. facticia "Teatro español moderno", vol. 79
Holdings
Estatus retirado Estado de pérdida Estado de daño No para préstamo Colección Biblioteca de origen Biblioteca actual Ubicación en estantería Fecha de adquisición Total de préstamos Signatura topográfica completa Código de barras Visto por última vez Precio de reemplazo Tipo de ítem Koha
        Libros del s. XIX Biblioteca del Ateneo de Madrid Biblioteca del Ateneo de Madrid Sala Pecera Planta 2 17/01/2008   F-8624(3) 1162516 23/02/2023 23/02/2023 Libro impreso antiguo